000 00794nam a2200265 i 4500
001 000044345
003 DO-SdBNP
005 20230420132930.0
007 ta
008 140620s2013 dr aa 000 0 spa d
020 _a9789945174922
040 _aDO-SdBNP
_bspa
_cBNPHU
_erda
082 _bF537
_222
245 1 0 _aFísica :
_b4to. curso de la educación media
264 _aSanto Domingo :
_bEdiciones SM,
_c2013
300 _a199 paginas . :
_bilustraciones ;
_c30 cm
336 _2rdaconten.
_atexto
_btxt
337 _2rdamedia
_asin mediación
_bn
338 _2rdacarrier
_avolumenen
_bnc
490 _aProyecto Sé, en valores
505 _aSé más competente : propuesta de actividades tipo pisa (4to.)
590 _aInventariado, 2023 / DG
910 _aDG
942 _2ddc
_cLBS1
999 _c53323
_d53323